PHARMACOGNOSY LAB MANUAL (Record no. 7931)

MARC details
000 -LEADER
fixed length control field 00439nam a22001697a 4500
005 - DATE AND TIME OF LATEST TRANSACTION
control field 20230117103246.0
008 - FIXED-LENGTH DATA ELEMENTS--GENERAL INFORMATION
fixed length control field 220215b ||||| |||| 00| 0 eng d
020 ## - INTERNATIONAL STANDARD BOOK NUMBER
ISBN 9789386819444
041 ## - LANGUAGE CODE
Language code of text/sound track or separate title eng
082 ## - DEWEY DECIMAL CLASSIFICATION NUMBER
Classification number 615.1
Item number IYE-P
100 ## - MAIN ENTRY--AUTHOR NAME
Personal name IYENGAR ,M A AND NAYAK,S.G.K
245 ## - TITLE STATEMENT
Title PHARMACOGNOSY LAB MANUAL
260 ## - PUBLICATION, DISTRIBUTION, ETC. (IMPRINT)
Place of publication HYDERABAD
Name of publisher PHARMA MED PRESS
Year of publication 2018
300 ## - PHYSICAL DESCRIPTION
Number of Pages 115;P.
650 ## - SUBJECT ADDED ENTRY--TOPICAL TERM
Topical Term PHARMACY
General subdivision B.PHARMA
942 ## - ADDED ENTRY ELEMENTS (KOHA)
Koha item type Books
Holdings
Lost status Damaged status Collection code Home library Current library Shelving location Date acquired Source of acquisition Cost, normal purchase price Full call number Accession Number Koha item type
    Reference JRU Library JRU Library SHELF-4-A 15/02/2022 PURCHASE 125.00 615.1 26418 Books
    PHARMACY JRU Library JRU Library Shelf - 27- B 15/02/2022 PURCHASE 125.00 615.1 26419 Books
    PHARMACY JRU Library JRU Library Shelf - 27- B 15/02/2022 PURCHASE 125.00 615.1 26420 Books
    PHARMACY JRU Library JRU Library Shelf - 27- B 15/02/2022 PURCHASE 125.00 615.1 26421 Books
    PHARMACY JRU Library JRU Library Shelf - 27- B 15/02/2022 PURCHASE 125.00 615.1 26422 Books
    PHARMACY JRU Library JRU Library Shelf - 27- B 15/02/2022 PURCHASE 125.00 615.1 26423 Books
    PHARMACY JRU Library JRU Library Shelf - 27- B 15/02/2022 PURCHASE 125.00 615.1 26424 Books
    PHARMACY JRU Library JRU Library Shelf - 27- B 15/02/2022 PURCHASE 125.00 615.1 26425 Books
    PHARMACY JRU Library JRU Library Shelf - 27- B 15/02/2022 PURCHASE 125.00 615.1 26426 Books
    PHARMACY JRU Library JRU Library Shelf - 27- B 15/02/2022 PURCHASE 125.00 615.1 26427 Books
    PHARMACY JRU Library JRU Library Shelf - 27- B 15/02/2022 PURCHASE 125.00 615.1 26428 Books
      JRU Library JRU Library Shelf - 27- B 15/02/2022 PURCHASE 125.00 615.1 26429 Books